000 00847nam a2200301 a 4500
003 AR-BaBNM
005 20251128204437.0
008 082120s2002 ||||||||||||||000 | spa||
020 _a950-13-6609-X
040 _cAR-BaBNM
100 1 _aPaschen, Konrad
245 0 0 _aPlanes y clases de educación física para la escuela primaria
260 _aBuenos Aires
_bKapelusz
_c1992
300 _a184 p.
_bil., gráfs.
490 0 _aColección de educación física
650 4 _aEDUCACION FISICA
650 4 _aCURRICULO DE ENSEÑANZA PRIMARIA
650 4 _aFORMACION DE DOCENTES
650 4 _aINSTALACIONES DEPORTIVAS
650 4 _aGIMNASIA
650 4 _aJUEGOS DE PELOTA
650 4 _aGRUPOS DE JUEGO
650 4 _aRELACION PADRES-DOCENTE
650 4 _aATLETISMO
653 _aEDUCACION PRIMARIA
942 _cBK
998 _cHector
999 _c7444
_d7444